[Event "ROM-chT"]
[Site "Sovata"]
[Date "1999.04.17"]
[Round "2"]
[White "Nisipeanu, Liviu Dieter"]
[Black "Marin, Mihail"]
[Result "0-1"]
[WhiteElo "2595"]
[BlackElo "2527"]
[Annotator "Marin,M"]
[PlyCount "72"]
[EventDate "1999.04.16"]
[EventType "team"]
[EventRounds "5"]
[EventCountry "ROU"]
[SourceTitle "EXT 2000"]
[Source "ChessBase"]
[SourceDate "1999.11.16"]
[SourceVersion "1"]
[SourceVersionDate "1999.11.16"]
[SourceQuality "1"]

1. e4 e5 2. Nf3 Nc6 3. Bb5 a6 4. Ba4 Nf6 5. O-O Nxe4 6. d4 b5 7. Bb3 d5 8. dxe5
Be6 9. Nbd2 Nc5 10. c3 Be7 11. Bc2 Bg4 12. Re1 Qd7 13. Nf1 Rd8 14. Ne3 Bh5 15.
Bf5 Ne6 16. g4 Bg6 17. Qc2 $5 {N} (17. a4) 17... O-O 18. Rd1 d4 19. cxd4 Ncxd4
20. Nxd4 Nxd4 21. Qe4 (21. Bxd7 Nxc2 22. Nxc2 Bxc2 23. Rd2 Be4 $15) 21... c5 $1
22. b3 (22. Bxd7 $2 Bxe4 23. Bf5 Nf3+ $17) (22. Bd2 {/\Ba5} Qc6 23. Qxc6 Nxc6
24. f4 c4 (24... Nd4 $5) 25. Be1 Bc5 26. Bf2 Nb4 $15) (22. b4 Qa7 $1 23. Bb2 (
23. bxc5 $2 Ne2+ 24. Kf1 Nc3 $19) 23... Ne6 $1 24. bxc5 (24. Nd5 $6 cxb4 25.
Nxb4 Ng5 $17) 24... Bxc5 $15) (22. f4 b4 $1 {/\Qb5-e2, -/+}) 22... Bg5 23. Ba3
{[#]} (23. Bb2 Bxe3 24. fxe3 (24. Qxe3 Nxf5) 24... Bxf5 25. gxf5 Qxf5 26. Qxf5
(26. Rxd4 Qg5+ 27. Qg4 Qxe3+) 26... Nxf5 27. Kf2 g6 $5 $17 {/\Ng7-e6}) (23. Kg2
Nxf5 24. gxf5 (24. Rxd7 Nh4+ 25. Kg3 Bxe4 $19) 24... Bxf5 $1 $19) (23. Kh1 Nxf5
24. Rxd7 Ng3+ 25. hxg3 Bxe4+ 26. Kh2 Rxd7 $19) (23. Kf1 Nxf5 24. Rxd7 Ng3+ 25.
hxg3 Bxe4 26. Rxd8 Rxd8 27. f4 Be7 $17 {/\c5-c4, Rogozenko}) (23. f4 Bxf5 24.
gxf5 Bxf4) 23... b4 $1 (23... Qa7 $6 {><f5}) 24. Bxb4 $138 (24. Bb2 Bxe3 25.
fxe3 Bxf5 26. gxf5 Qxf5) 24... Qb5 $1 (24... cxb4 $2 25. Bxd7) 25. Be1 (25. Bd2
Qe2 26. Kg2 Ne6 $1 $19) (25. Ba3 Ne2+ 26. Kg2 Nc3 $17) 25... Qe2 26. Kg2 $8 {
><f3} Bxf5 (26... Nxf5 $5 27. gxf5 Rxd1 28. Rxd1 Bxe3 29. Rd3 ({or} 29. fxg6
Qxd1 30. gxf7+ Rxf7 31. Qxe3) 29... Bxf5 30. Qxf5 Bd4 31. Bc3 g6 $17) 27. gxf5
Bxe3 28. Qxe3 Qg4+ 29. Qg3 Qxf5 30. Bd2 Rfe8 $1 (30... Qe4+ 31. f3 Qe2+ 32. Qf2
Qxe5 $17) 31. Bg5 (31. Bh6 Qe4+ 32. f3 Qe2+ 33. Kh3 Nf5) 31... Rd5 32. Bf6 Qe4+
33. Kh3 (33. f3 Qe2+ 34. Kh3 Nf5 $19) 33... Nf5 34. Qg4 $5 Qxg4+ $6 $17 (34...
Rd3+ $1 35. Rxd3 Qxd3+ 36. f3 Kh8 $1 37. Bg5 (37. Rg1 gxf6 38. exf6 Qe3) 37...
Rxe5 $19 {עh3}) 35. Kxg4 Nd4 (35... Rxd1 36. Rxd1 Nh6+ 37. Kg5 gxf6+ 38. exf6
$16 {Nisipeanu}) 36. Bg5 Rexe5 $138 0-1

[Event "EU-ch 11th"]
[Site "Rijeka"]
[Date "2010.03.15"]
[Round "9"]
[White "Kobalia, Mihail"]
[Black "Godena, Michele"]
[Result "1-0"]
[WhiteElo "2637"]
[BlackElo "2561"]
[Annotator "Marin,M"]
[PlyCount "79"]
[EventDate "2010.03.06"]
[EventType "swiss"]
[EventRounds "11"]
[EventCountry "CRO"]
[SourceTitle "CBM 136"]
[Source "ChessBase"]
[SourceDate "2010.05.18"]
[SourceVersion "1"]
[SourceVersionDate "2010.05.18"]
[SourceQuality "1"]

1. e4 e5 2. Nf3 Nc6 3. Bb5 Nf6 4. O-O Nxe4 5. d4 a6 6. Ba4 b5 7. Bb3 d5 8. dxe5
Be6 9. Nbd2 Nc5 10. c3 Bg4 11. Bc2 Ne6 {This is the start of a harmonious
regrouping, which has the drawback of consuming a lot of time, though. I have
experimented with it over the past years, but am not entirely sure about the
final evaluation yet.} 12. Re1 Bc5 13. Nf1 (13. h3 $5 {It is worth mentioning
the following episode. When reaching this point of the game, my veteran GM
opponent spent a relatively long time before playing the last move. I was
rather surprised, because according to traditional theory White should refrain
from driving the bishop back, closer to the stable g6-square. After the game,
my opponent explained that, while trying to guess what my point might have
been when choosing this line, he discovered the possibility of 16...f5 from
the game Caspi-Vocaturo below. Quite a strong power of anticipation! For the
truth's sake, it should be mentioned that his continuation does not question
the viability of Black's general plan at all.} Bh5 14. Nf1 O-O 15. Ng3 Bg6 16.
Be3 Bxe3 17. Rxe3 Ne7 18. Nd4 c5 19. Ndf5 Nxf5 20. Nxf5 d4 $132 {Jansa,V (2470)
-Marin,M (2583)/Benasque 2009/CBM 131 Extra (1/2, 26). Black has a solid
kingside position and has counterplay in the centre.}) 13... Ne7 14. Ng3 ({
Once Black has committed himself to ...Ne7,} 14. h3 {makes more sense, see Ni
Hua (2710)-Marin,M (2556)/Reggio Emilia 2009/CBM 128/[Marin,M] (1-0, 42). In
the notes to this game, I have given an overview of the existing theory in
this line.}) 14... O-O {This relatively new move seems to have become a
specialty of Italian players.} ({I am slightly sceptical about the
over-ambitious} 14... h5 15. h3 h4 16. Nf1 Bh5 {Grischuk,A (2671)-Piket,J 
(2659)/Wijk aan Zee 2002/CBM 087/[Postny] (1-0, 53)}) 15. Qd3 $5 $146 {The
critical test to Black's whole setup. The threat of mate in one forces Black
to worsen his position inone way or another.} ({Black's strategy was entirely
justified in the following game:} 15. h3 Bxf3 16. Qxf3 f5 $1 {Black takes
advantage of the vulnerability of the f2-square in order to block the kingside
and get a very stable position all over the board.} 17. Nh5 (17. Nxf5 $6 g6) (
17. exf6 $6 Rxf6) 17... Qd7 18. Bd2 ({Now or slightly later, White should have
exchanged the blocking knight with} 18. Nf4) 18... a5 19. Rad1 c6 20. Bb1 Ng6
$1 {Black has completed his regrouping and is in control of the position. The
pawns placed on light squares strongly restrict the c2-bishop, ensuring the
e6-knight absolute stability.} 21. Kh1 Qf7 22. Qe2 f4 $15 {Black already
becomes ambitious. Caspi,I (2402)-Vocaturo,D (2445)/Reykjavik 2009/CBM 129
Extra (0-1, 43) ended in a strategic disaster for White.}) 15... g6 {
Strategically, this looks correct, because the c2-bishop is restricted, but
with queens on board the weakness of the kingside dark squares faces Black
with permanent dangers.} (15... Ng6 {is more solid, but leaves the f5-square
undefended, making a later ...f5 impossible.} 16. h3 Bxf3 17. Qxf3 {This
position requires further practical testing. White has lost a tempo, but has
made sure that the kingside will be his territory of action. Black needs to
find a constructive plan of becoming active in the centre and on the queenside.
}) 16. h3 Bf5 {Black has to give up his bishop for one of the enemy knights.
He chooses to leave the knight on f3 in order to prevent a rapid attack based
on f4-f5.} ({After} 16... Bxf3 17. Qxf3 {the f6-square is not defended by the
g7-pawn any more, making the desirable ...f6 impossible.}) 17. Nxf5 Nxf5 18.
Nh2 $1 {Forcing the further weakening of the black kingside.} h5 (18... c6 19.
Ng4 Be7 20. Qf3 $16) 19. Qe2 Nfg7 {Apparently, Black's position remains
harmonious, but this would be entirely true only in the absence of queens. The
white queen is more mobile than her rival, keeping both wings under
observation and keeping the enemy king in permanent danger.} 20. Nf3 c6 21. Be3
Qb6 22. Qd2 Bxe3 23. Rxe3 Rfd8 24. Rd1 Ra7 25. Rd3 Rad7 ({Black cannot prevent
the enemy queen's intrusion to h6 for long:} 25... Kh7 26. Nh4 Rad7 27. Rg3 Kg8
(27... c5 28. Nxg6 $1 $18) 28. Qh6 $40) 26. g4 $1 {An important prophylactic
move. The threat of gxh5 is not too realistic, because it would just offer
additional squares to the black knights. The main point behind the last move
is preventing ...Nf5.} (26. Qh6 Nf5 {achieves nothing for White.}) 26... c5 27.
Qh6 c4 {Again, strategical consequence of this has a relative character with
queens on board. Although the bishop is restricted even more, giving up the
control of the d4-square increases the force of White's attack. It is not easy
to find a clear plan for counterplay, though.} (27... b4 $6 28. Ba4 $16) (27...
d4 $5 28. cxd4 Qc6 {Black is best advised to maintain the tension, restricting
White's attacking possibilities.} (28... cxd4 $6 29. Bb3 $16) 29. Re1 b4 {
[%csl Ga3,Gc3]} 30. Kh2 {[%cal Gh2g3] The position remains dangerous for Black,
but White cannot find an attacking continuation easily with the centre under
tension. It also is true that Black cannot release the tension with ...Nxd4
because of Ng5, with ...cxd4 because of Bb3 or with ...c4 because of R3e3
followed by Be4.}) 28. Re3 Qc5 29. Nd4 $40 {Everything is prepared for the
final attack now.} Qf8 30. Rf3 Nxd4 31. cxd4 Ne6 32. Qe3 (32. Qxf8+ Kxf8 33.
gxh5 gxh5 34. Rf6 {also looks promising, but keeping queens on the board is
more ambitious.}) 32... hxg4 33. hxg4 Qe7 34. Rf6 Kg7 35. f4 Qb4 36. f5 Nf8 37.
fxg6 fxg6 38. Bxg6 Qxb2 39. Bf5 Nh7 40. Bxh7 1-0

[Event "Reggio Emilia-A 51st"]
[Site "Reggio Emilia"]
[Date "2009.01.04"]
[Round "9"]
[White "Ni, Hua"]
[Black "Marin, Mihail"]
[Result "1-0"]
[WhiteElo "2710"]
[BlackElo "2556"]
[Annotator "Marin,M"]
[PlyCount "83"]
[EventDate "2008.12.27"]
[EventType "tourn"]
[EventRounds "9"]
[EventCountry "ITA"]
[EventCategory "14"]
[SourceTitle "CBM 128"]
[Source "ChessBase"]
[SourceDate "2009.01.28"]
[SourceVersion "1"]
[SourceVersionDate "2009.01.28"]
[SourceQuality "1"]

{By defeating Almasi in the penultimate round, Ni Hua obtained a lead of 1.5
points over the runners up: Almasi and me. I had no doubt that, having ensured
the win in the tournament, he would play the last game in an ambitious fashion,
but... so would I!} 1. e4 e5 2. Nf3 Nc6 3. Bb5 {Last year, in the same last
round, at the same hour (10.30 a.m.) he used a strong novelty in the Italian
game to defeat me. Now, he switches to more approved paths.} a6 4. Ba4 Nf6 5.
O-O Nxe4 {Being tired after 8 very colourful games, I wanted to use the
automatic pilot for as long as possible, which explains my decision. Although
I had written two companion books on the closed RL and used these lines to
defeat some strong opponents, I felt that the weapon of my youth would be more
appropriate for the aforementioned purpose.} 6. d4 b5 7. Bb3 d5 8. dxe5 Be6 9.
Nbd2 Nc5 10. c3 Bg4 $5 11. Bc2 Ne6 12. Re1 Bc5 {A hyper-active variation,
advocated for Black by Ivan Sokolov. I had never played it before and, judging
from his relatively long thought starting with this moment, I understood that
my opponent had never done any special preparation against it.} 13. Nf1 Ne7 $5
({A relatively rare move. The main line goes} 13... Bh5 14. Ng3 Bg6 {, but I
never have been to keen to lose time with that bishop in this way.} {However,
I am slightly bothered by the move} 15. Bb3 $1 {for instance} ({True, after} 
15. h4 d4 {things seem to be OK for Black.} 16. Bg5 {The most logical move,
continuing the development.} (16. Bb3 dxc3 17. bxc3 Qxd1 18. Rxd1 h6 19. h5 Bh7
20. a4 O-O 21. Bd5 $6 Rad8 22. axb5 Ne7 23. Bb3 Rxd1+ 24. Bxd1 axb5 $15 {
Jakovenko,D (2608)-Sokolov,I (2662)/Warsaw 2005/CBM 108 (1/2, 70) Black has
achieved stable squares for all his minor pieces and has a dangerous queenside
majority.}) (16. Ng5 $6 {pursues the concrete purpose of undermining Black's
best piece, the e6-knight, but allows him complete the development with gain
of time} Bxc2 17. Qxc2 d3 18. Qd1 Qd5 19. Nh5 O-O-O 20. Nf4 Nxf4 21. Bxf4 Rhe8
$17 {Van den Doel,E (2593)-Sokolov,I (2686)/Netherlands 2008 (0-1, 35) As a
consequence of White's repeated losses of time, Black has achieved a crushing
advantage of space and centralization. Later, he switched to a decisive
kingside attack.}) 16... Qd7 17. cxd4 Ncxd4 18. Nxd4 {and now, in the game
Karjakin,S (2527)-Flear,G (2527)/Hastings 2002/CBM 093 (1-0, 109), the most
logical way to capture is} Bxd4 $1 $13) 15... Ne7 16. h4 h6 17. h5 Bh7 18. Nd4
O-O 19. Qg4 Kh8 20. Be3 Bxd4 21. cxd4 Qd7 22. Rac1 Rad8 23. f4 $14 {Timofeev,A
(2622)-Sokolov,I (2662)/Sarajevo 2005 (1/2, 71). It is not easy to improve
over Black's play in this game.}) 14. h3 $5 $146 {Not a bad novelty.} ({
I was mainly prepared for} 14. Ng3 {when two crucial games went} h5 15. h3 h4
16. Nf1 Bh5 17. a4 d4 (17... b4 18. a5 $1 {Adams,M (2715)-Sokolov,I (2637)/
Sarajevo 2000/CBM 077/[Mikhalevski,V] (1-0, 65)}) 18. Be4 {Grischuk,A (2671)
-Piket,J (2659)/Wijk aan Zee 2002/CBM 087/[Postny] (1-0, 53)}) 14... Bh5 ({
In view of the general considerations regarding the opposition of the
light-squared bishops (see below),} 14... Bxf3 15. Qxf3 O-O {comes into
consideration. White has the pair of bishops, but all Black's minor pieces are
well placed.}) 15. Ng3 Bg6 {Usually in such situations, neither side would be
interested in releasing the tension himself. However, after the knight retreat
to e7, things are less clear, at least from Black's point of view. One
important aspect is that after an eventual exchange Bxg6 hxg6 followed by Nd4 
(or Ng5), the reserve knight cannot sustain his colleague with ...Ncxd4 (or ...
Ncd8, respectively). Therefore, the g6 square would remain vulnerable,
offering White chances for a kingside attack. In case of ...Nxg6, it is not
easy to say whether this knight is really well placed. It is ready to defend
his colleague after a move to f4 or f8, but it leaves the f5- and h5-squares
to the mercy of the g3-knight. We will see how this applies in concrete play
slightly later.} 16. b4 ({In fact, even here} 16. Bxg6 {would have faced Black
with a difficult decision, but maybe with his king's rook on h8 still, he
would have had good reasons to play} hxg6 {and look for counterplay along the
h-file.}) 16... Bb6 ({From my part,} 16... Bxc2 17. Qxc2 Bb6 {would have been
a concession because of} 18. Nh5 {We can see that the tension tends to have a
slightly one-sided character.}) 17. a4 {White creates another spot of tension.
However, the consequences of this move are less one-sided.} (17. Be3 Bxe3 18.
Rxe3 a5 $1 19. Bxg6 Nxg6 20. a3 O-O 21. Nd4 Qd7 {looks OK for Black, because
of the possibility of getting the control of the a-file.}) 17... O-O 18. Be3 $6
{This thematic move gives Black the possibility of achieving comfortable
equality. In order to get a complete evaluation of the opening variation, we
have to consider the exchange on b5 or g6 before Be3.} (18. axb5 axb5 19. Rxa8
Qxa8 20. Be3 {fails to impress.} Bxe3 21. Rxe3 Bxc2 22. Qxc2 Qc6 $1 {A better
way to activate the queen than keeping it along the a-file.} 23. Ne2 Ra8 24.
Ned4 Qc4 {Black is quite stable since} 25. Nxe6 fxe6 26. Ng5 $2 {fails to} Ra1+
27. Kh2 Qf4+ 28. Rg3 Nf5 $19) ({However,} 18. Bxg6 {may be unpleasant for
Black.} hxg6 (18... Nxg6 19. Nf5 $14) (18... fxg6 19. Be3 Bxe3 20. Rxe3 Nf5 21.
Nxf5 gxf5 22. Nd4 $14 {and the optimal blocking piece is exchanged, leaving
White with a dangerous passed pawn.}) 19. Bg5 $5 (19. Be3 Bxe3 20. Rxe3 {
can once again be met by} a5 $1 $11 {like suggested below}) 19... Re8 20. Qd2
c5 21. bxc5 ({The impatient} 21. Bxe7 Rxe7 22. bxc5 Bxc5 23. Red1 {allows
Black regroup with} Rd7 24. Ne2 Qb6 25. Ned4 Bxd4 26. Nxd4 Rc8 $11) 21... Bxc5
22. Red1 {[%csl Gd5][%cal Gg5e7]} Nxg5 {Finally, Black has to give up this
knight, which leaves the kingside slightly exposed.} 23. Nxg5 Nc6 24. Qf4 Nxe5
25. N3e4 $36) 18... Bxe3 19. Rxe3 Bxc2 $1 {A good moment to carry out this
exchange.} ({I took some time examining the immediate} 19... c5 $6 20. Bxg6
hxg6 (20... Nxg6 21. bxc5 {[%csl Rd5] קd5}) 21. bxc5 Qc7 {but understood that
after} 22. Nd4 Qxc5 23. Nxe6 fxe6 24. Qg4 $36 {my kingside would be in danger.}
) 20. Qxc2 c5 $6 {But this plan is wrong. Black creates himself unnecessary
weaknesses.} (20... a5 $1 {is a better way to take advantage of the temporary
lack of coordination between White's pieces.} 21. axb5 axb4 22. Rxa8 Qxa8 23.
Nd4 (23. cxb4 Rb8 $15) 23... Qa1+ 24. Kh2 bxc3 $13) 21. bxc5 Qc7 22. axb5 axb5
23. Rb1 Qxc5 24. Rb4 $1 $14 {A strong move, which aims to increase the
pressure against Black's weak pawns and keep the possibility of a rapid
kingside attack by a rook transfer along the 4th rank.} d4 $5 {The best chance,
probably, which, I suspect, my opponent had overlooked.} (24... Ra1+ 25. Kh2
Rfa8 {fails to provide efficient counterplay after} 26. Qd3 $14) 25. Ne4 (25.
Nxd4 Nd5 $15) 25... Qxb4 $6 {I wrongly evaluated the endgame as double-edged.
Play will be rather one-sided. Black had two ways of retaining a slightly
worse, but defensible position.} (25... Qc7 26. Nxd4 (26. Re1 $5 {Ni Hua}) (26.
Nfg5 Nf5) (26. Neg5 g6) 26... Qxe5 27. Ng3 $14) (25... Ra1+ 26. Kh2 Qc7 27.
Nxd4 Nxd4 28. Rxd4 Qxe5+ 29. Ng3 $14) 26. cxb4 dxe3 27. fxe3 $14 {Black's
kingside is not easy to defend.} h6 (27... Rfc8 $5) 28. Nd4 $1 Ra3 29. Qf2 Ng6
(29... Nd5 30. Nf5 Rfa8 31. Ned6 $36) 30. Qf5 Nxd4 (30... Ra2 31. Nxe6 Rxg2+
32. Kh1 $1 Ra8 33. Nd4 Rb2 (33... Ra1+ 34. Kxg2 Nh4+ 35. Kg3 Nxf5+ 36. Nxf5 $14
) 34. Qf1 Nxe5 35. Nc3 Rxb4 36. Ncxb5 $14) 31. exd4 Ra2 {/\Rg2} 32. Qg4 $1 Re8
(32... h5 33. Qg5 $16) 33. Nd6 Re6 34. h4 Ra1+ 35. Kh2 Rf1 36. g3 $16 Rb1 $2
$138 (36... Rf2+ 37. Kh3 Nf4+ $5 38. gxf4 Rg6 {Ni Hua} 39. Qd1 $16) (36... Nf8
37. Qe2 Rb1 38. Qxb5 $16) 37. Qf5 Rb2+ 38. Kh3 Re7 39. Nxf7 $1 $18 Nf8 40. Nd8
Rd7 41. e6 Ra7 42. Nc6 1-0

[Event "Olympiad-34"]
[Site "Istanbul"]
[Date "2000.11.07"]
[Round "10.1"]
[White "Khalifman, Alexander"]
[Black "Marin, Mihail"]
[Result "1-0"]
[WhiteElo "2667"]
[BlackElo "2557"]
[Annotator "Marin,M"]
[PlyCount "63"]
[EventDate "2000.10.28"]
[EventType "team-swiss"]
[EventRounds "14"]
[EventCountry "TUR"]
[SourceTitle "EXT 2001"]
[Source "ChessBase"]
[SourceDate "2000.11.22"]
[SourceVersion "1"]
[SourceVersionDate "2000.11.22"]
[SourceQuality "1"]
[WhiteTeam "Russia"]
[BlackTeam "Romania"]
[WhiteTeamCountry "RUS"]
[BlackTeamCountry "ROU"]

1. e4 e5 2. Nf3 Nc6 3. Bb5 a6 4. Ba4 Nf6 5. O-O Nxe4 6. d4 b5 7. Bb3 d5 8. dxe5
Be6 9. Nbd2 Nc5 10. c3 Be7 11. Bc2 Bg4 12. Re1 Qd7 13. Nf1 Rd8 14. Ne3 Bh5 15.
b4 Ne6 16. g4 Bg6 17. Nf5 O-O 18. a4 Rfe8 19. axb5 axb5 20. Bd3 Rb8 21. Qe2
Ncd8 22. Ra5 $1 $146 ({A strong novelty over the normal} 22. Ra7 d4 $1) 22...
d4 $2 ({But now, this move is bad.} 22... c6 $8 23. Be3 (23. Rd1 Nc7) 23... Nc7
24. Rea1 Nde6 25. R1a3 Ra8 26. Qa2 $14) 23. Rd1 $1 c6 (23... dxc3 24. Bxb5 $18)
24. N3xd4 Bg5 ({Initially I thought that black has good comepensation after} 
24... Nxd4 25. Nxd4 Bd6 (25... Bxb4 26. cxb4 Qxd4 27. Bxg6) {but then I
discovered that with} 26. Bf5 $1 $16 {white gets the upper hand.} (26. f4 Bxb4
$1) (26. Bf4 Bxe5 27. Bxe5 Rxe5 28. Qxe5 Qxg4+ $11) (26. Bxg6 hxg6 27. f4 f6
$132)) 25. Nxe6 Nxe6 26. Bc4 Qc7 27. Bxe6 Bxc1 28. Rd7 Qb6 29. Bxf7+ $1 ({
An elegant way to finish the game, taking advantage of the poor coordination
of the black pieces. Black would have had some chances after} 29. Bb3 c5 30.
Ne7+ Rxe7 31. Rxe7 c4) 29... Bxf7 30. Raa7 Ra8 ({This is just a blunder, but} 
30... Bg6 {would have lost as well:} 31. Rxg7+ Kh8 32. e6 Bf4 33. c4 $3 $18 (
33. Qe4)) 31. Rxa8 (31. e6 Qxa7 32. Qe5 $18) 31... Rxa8 32. e6 1-0